LEADER 02784nam 2200613 a 450 001 9910782003603321 005 20230617000753.0 010 $a1-281-75812-4 010 $a9786611758127 010 $a1-4356-5271-1 010 $a1-933531-53-3 035 $a(CKB)1000000000534431 035 $a(EBL)355235 035 $a(OCoLC)437220344 035 $a(SSID)ssj0000135768 035 $a(PQKBManifestationID)11157937 035 $a(PQKBTitleCode)TC0000135768 035 $a(PQKBWorkID)10062808 035 $a(PQKB)11542926 035 $a(MiAaPQ)EBC355235 035 $a(Au-PeEL)EBL355235 035 $a(CaPaEBR)ebr10240810 035 $a(CaONFJC)MIL175812 035 $a(EXLCZ)991000000000534431 100 $a20030716d2003 uy 0 101 0 $aeng 135 $aurcn||||||||| 181 $ctxt 182 $cc 183 $acr 200 00$aDecay and renewal$b[electronic resource] /$fby the Environmental Inquiry Leadership Team, Nancy M. Trautmann ... [et al.]. ; with teachers, Harry Canning ... [et al.]. ; and Cornell scientists, Bennett Kottler, Stephen Penningroth, Adam Welman 205 $aTeacher ed. 210 $aArlington, Va. $cNSTA Press$dc2003 215 $a1 online resource (71 p.) 225 1 $aCornell scientific inquiry series 300 $a"Includes the full Student edition"--Cover. 311 $a0-87355-207-5 327 $aContents; ACKNOWLEDGMENTS; INTRODUCTION; WHY BIODEGRADATION?; LEVELS OF INQUIRY; GUIDING STUDENT INQUIRY; SECTION 1; SECTION 2; SECTION 3; SECTION 4; ASSESSMENT; REFERENCES; CONTACT INFORMATION FOR SCIENTIFIC SUPPLY COMPANIES 330 $aThe Teacher Edition explains how to guide student research and engineering design projects. Classroom-ready materials include detailed background information, sample assessment tasks, and rubrics, and guidelines for integrating peer review into classroom science. The Student Edition includes:.:.; An overview of basic principles of biodegradation and how they apply in composting, landfills, wastewater treatment, and bioremediation systems.; Protocols that provide instructions for conducting experiments on biological, chemical, and physical aspects of biodegradation.; Forms to guide students 410 0$aCornell scientific inquiry series. 606 $aBiodegradation$xResearch 606 $aBioremediation$xResearch 615 0$aBiodegradation$xResearch. 615 0$aBioremediation$xResearch. 676 $a577/.1 701 $aTrautmann$b Nancy M$01472172 712 02$aNational Science Teachers Association.$bEnvironmental Inquiry Leadership Team. 801 0$bMiAaPQ 801 1$bMiAaPQ 801 2$bMiAaPQ 906 $aBOOK 912 $a9910782003603321 996 $aDecay and renewal$93684877 997 $aUNINA LEADER 02739oas 2201105 a 450 001 9910981586003321 005 20251121213018.0 011 $a1943-572X 035 $a(DE-599)ZDB2033055-8 035 $a(OCoLC)60615769 035 $a(CONSER) 2008201994 035 $a(CKB)954925380982 035 $a(EXLCZ)99954925380982 100 $a20050614a18979999 sy a 101 0 $aeng 135 $aur||||||||||| 181 $ctxt$2rdacontent 182 $cc$2rdamedia 183 $acr$2rdacarrier 200 14$aThe Annals of otology, rhinology & laryngology 210 1$aSt. Louis, Mo. :$cJones H. Parker,$d[1897]- 210 31$a[St. Louis, Mo.] :$cAnnals Publishing Company 215 $a1 online resource 300 $aRefereed/Peer-reviewed 300 $aFounded by James Pleasant Parker. 311 08$a0003-4894 517 1 $aAnnals of otology, rhinology and laryngology 517 1 $aAnn Otol Rhinol Laryngol 531 0 $aAnn. otol. rhinol. laryngol. 606 $aOtolaryngology$vPeriodicals 606 $aOtolaryngology$vPeriodicals 606 $aOtolaryngology 606 $aOto-rhino-laryngologie 606 $aOtolaryngology$2fast$3(OCoLC)fst01048946 606 $aKeel- neus- en oorheelkunde$2gtt 606 $aOtorrinolaringologia$2thub 608 $aPeriodical. 608 $aPeriodicals.$2fast 608 $aPeriodicals.$2lcgft 608 $aRevistes electròniques.$2thub 615 0$aOtolaryngology 615 2$aOtolaryngology 615 2$aOtolaryngology. 615 6$aOto-rhino-laryngologie. 615 7$aOtolaryngology. 615 17$aKeel- neus- en oorheelkunde. 615 7$aOtorrinolaringologia. 676 $a616.21 801 0$bOCLCS 801 1$bOCLCS 801 2$bOCLCQ 801 2$bDLC 801 2$bOCLCQ 801 2$bOCLCF 801 2$bOCLCO 801 2$bVT2 801 2$bOCLCE 801 2$bZ5A 801 2$bCUS 801 2$bTXA 801 2$bOCLCQ 801 2$bOCLCO 801 2$bTSC 801 2$bOCLCO 801 2$bNLE 801 2$bOCLCA 801 2$bKSU 801 2$bOCLCO 801 2$bAU@ 801 2$bOCLCO 801 2$bOCLCA 801 2$bTKN 801 2$bIBD 801 2$bOCLCO 801 2$bFUG 801 2$bOCLCO 801 2$bOCLCA 801 2$bUKMGB 801 2$bU3W 801 2$bVVB 801 2$bWYU 801 2$bAUD 801 2$bS2H 801 2$bOCLCO 801 2$bOCLCA 801 2$bQGK 801 2$bOCLCQ 801 2$bUAB 801 2$bUBY 801 2$bOCLCQ 801 2$bSXB 906 $aJOURNAL 912 $a9910981586003321 996 $aThe Annals of otology, rhinology & laryngology$92420507 997 $aUNINA